Noticiari /
Descripción Física:
1 díptic ; 23 cm
MARC
| LEADER | 00000nas a2200000 a 4500 | ||
|---|---|---|---|
| 001 | 28120 | ||
| 003 | AGDB | ||
| 005 | 20260324175351.0 | ||
| 008 | 160829s1938 - xx 000 0 cat d | ||
| 008 | 160829s9999 xx 000 0 cat d | ||
| 040 | |a agdb |b cat | ||
| 245 | |a Noticiari / |c Associació d'Amics de l'Educació Musical | ||
| 260 | |a Barcelona : |b l'Associació ; |c 1938- | ||
| 300 | |a 1 díptic ; |c 23 cm | ||
| 362 | |a Any 1, núm. 1 (gener 1938)- | ||
| 650 | |a Música |x Ensenyament |x Catalunya |x Revistes |9 29845 | ||
| 655 | 0 | |9 55823 |a Revistes | |
| 710 | |a Associació d'Amics de l'Educació Musical |9 69865 | ||
| 866 | |a Any 1, 1938 (1) | ||
| 901 | |a Arxiu | ||
| 942 | |n 1 |2 udc |c REV | ||
| 952 | |0 0 |1 0 |4 0 |6 REV2242 |7 1 |9 45146 |a Arxiu |b Arxiu |d 2016-12-01 |h Any1, núm.1 (gener 1938) |o Rev-2242 |p 28120 |r 2016-12-01 00:00:00 |w 2016-12-01 |y ARXIU | ||
| 999 | |c 48193 |d 48193 | ||